| 000 | 00653nam a2200205Ia 4500 | ||
|---|---|---|---|
| 003 | IN-BaIIA | ||
| 005 | 20250702134617.0 | ||
| 008 | 211028s9999 xx 000 0 eng d | ||
| 040 | _cIIA Library | ||
| 080 |
_a038:53 _bGLA |
||
| 245 | 2 |
_aA dictionary of applied physics _bvol. I, mechanics, engineering, heat _cedited by Richard Glazebrook |
|
| 260 |
_aLondon _bMacmillan _c1922 |
||
| 300 | _aix,1067p. | ||
| 650 |
_aApplied Physics Dictionary _9597 |
||
| 650 | _aAstronomy and Astrophysics Thesaurus | ||
| 650 |
_aDictionaries-Applied Physics _9598 |
||
| 650 |
_aPhysics Dictionary _9599 |
||
| 700 |
_aGlazebrook, Richard, ed. _9600 |
||
| 942 |
_cBK _2ddc |
||
| 999 |
_c301 _d301 |
||